000 02266cam a22004454i 4500
003 PE-LiUPU
005 20250731165432.0
008 160223s 4 pe a grm 000 0 spa d
035 _a(Sirsi) a156277
040 _aPE-LiUPU
_bspa
_cPE-LiUPU
_erda
099 _aTE 2
_bR21 1994
100 1 _aRamírez Pachari, Julia Lily
_eautor
245 1 3 _aEl análisis fonético - sintáctico de la oración española como técnica en la enseñanza del uso de la coma /
_cJulia Lily Ramírez Pachari.
264 0 _c1994.
300 _a129 hojas
_c30 cm
336 _atext
_2rdacontent
337 _aunmediated
_2rdamedia
338 _avolume
_2rdacarrier
502 _aTesis
_b(Lic.) --
_cUniversidad Peruana Unión,
_d1994
504 _aIncluye referencias
520 3 _aLa problemática de la educación actual, en nuestro país, es cada vez mas compleja y al mismo tiempo critica. Somos conscientes de esta realidad estudiantes, padres de familia y profesores, pues la crisis que atraviesa la educación peruana se refleja aun en la enseñanza de temas tan significativos como son entre otros, los signos de puntuación, específicamente el uso de la coma; pues ellos contribuyen en el desarrollo y desenvolvimiento de los alumnos, no solo como estudiantes sino como individuos de una sociedad como la que nos ha tocado vivir. No obstante, ni maestros ni alumnos parece sentir la urgente necesidad de cambiar el rumbo; tal es así que en la enseñanza del uso de la coma, la metodología es la misma de antaño, es decir, no ha habido cambios ni modificaciones esenciales para lograr un mejor aprendizaje y, por ende, un mayor rendimiento y desarrollo de los estudiantes, acorde con el reto de la vida actual.
526 _aSEG44
526 _aSEG26
526 _aP151
526 _aP150
526 _aP149
526 _aP146
526 _aP145
526 _aP126
526 _aP125
526 _aP92
526 _aP75
526 _aP74
526 _aP27
526 _aP15
650 1 4 _aEsapañol
_xGramática
_xEstudio y enseñanza.
596 _a1
942 _2ddc
_cTESIS
999 _aTE 2 R21 1994
_wALPHANUM
_c8961
_iT00192
_lCCODEBUL3
_mBUL
_r1
_sY
_tTESIS
_u2016-2-23
_xEDUCACION
_PP14
_o.STAFF. Tesis
_d8961
980 _81
_gALBERTO SANCHEZ Responsable de Automatización